Ley 27743, medidas fiscales paliativas y relevantes: accionar y consecuencia en los estados contables y en los informes del auditor (Registro nro. 10704)

Detalles MARC
000 -LEADER
fixed length control field 00493 a2200133 4500
001 - CONTROL NUMBER
control field ART_62756
005 - DATE AND TIME OF LATEST TRANSACTION
control field 20260410161612.0
008 - FIXED-LENGTH DATA ELEMENTS--GENERAL INFORMATION
fixed length control field 260409a
100 1# - MAIN ENTRY--PERSONAL NAME
Personal name Torchelli, Valeria
245 10 - TITLE STATEMENT
Title Ley 27743, medidas fiscales paliativas y relevantes: accionar y consecuencia en los estados contables y en los informes del auditor
700 1# - ADDED ENTRY--PERSONAL NAME
Personal name Simaro, Gustavo
700 1# - ADDED ENTRY--PERSONAL NAME
Personal name Albanese, Diana
773 0# - HOST ITEM ENTRY
Title Profesional & Empresaria
Related parts - Año XXVI, Nº 303 (mayo/jun. 2025)
Record control number REV70

No hay ítems disponibles.